BTS Take Two - Lyrics - Statistics

General Stats
  • This quiz has been taken 2 times
  • The average score is 139 of 216
Answer Stats
Lyrics % Correct
I
100%
I'm
100%
in
100%
me
100%
my
100%
(My
100%
Oh,
100%
take
100%
the
100%
two?
100%
We
100%
we
100%
(We
100%
Yeah,
100%
(Yeah,
100%
you
100%
You
100%
You're
100%
a
50%
ain't
50%
been
50%
beside
50%
by
50%
can
50%
Can't
50%
daze
50%
felt
50%
felt,
50%
for
50%
forever
50%
go?
50%
go?)
50%
got
50%
hand?
50%
here
50%
hold
50%
just
50%
lining
50%
many
50%
never
50%
(Never
50%
one
50%
right
50%
right)
50%
round
50%
runnin'
50%
Say
50%
see
50%
send
50%
side
50%
side)
50%
silver
50%
sing
50%
singin'
50%
so
50%
song
50%
stay?
50%
Stories
50%
to
50%
together
50%
tonight
50%
walkin'
50%
ways
50%
When
50%
who
50%
Will
50%
(Will
50%
with
50%
Won't
50%
young
50%
young)
50%
(Ah-ah)
0%
always
0%
didn't
0%
feel
0%
light
0%
Lеtters
0%
Need
0%
swim
0%
unfoldin'
0%
up
0%
0%
No matching quizzes found
Score Distribution
Percent of People with Each Score
Percentile by Number Answered
Your Score History
You have not taken this quiz